Catálogo

Anatomía del guión : (Registro nro. 61266)

Detalles MARC
000 -LEADER
fixed length control field 00808nam a2200241 u 4500
001 - CONTROL NUMBER
control field 61266
005 - DATE AND TIME OF LATEST TRANSACTION
control field 20180714062829.0
008 - FIXED-LENGTH DATA ELEMENTS--GENERAL INFORMATION
fixed length control field 140612s2009 sp r 000 0 spa d
020 ## - INTERNATIONAL STANDARD BOOK NUMBER
International Standard Book Number 978-84-8428-4437
082 0# - DEWEY DECIMAL CLASSIFICATION NUMBER
Classification number 302.235012
Item number TRU
100 1# - MAIN ENTRY--PERSONAL NAME
Personal name Truby, John
Relator term autor
245 10 - TITLE STATEMENT
Title Anatomía del guión :
Remainder of title el arte de narrar en 22 pasos /
Statement of responsibility, etc. John Truby ; traducción Elena Villalonga Serra.
250 ## - EDITION STATEMENT
Edition statement Primera edición
264 #1 - PRODUCTION, PUBLICATION, DISTRIBUTION, MANUFACTURE, AND COPYRIGHT NOTICE
Place of production, publication, distribution, manufacture España :
Name of producer, publisher, distributor, manufacturer Alba Editorial,
Date of production, publication, distribution, manufacture, or copyright notice 2009
300 ## - PHYSICAL DESCRIPTION
Extent 524 páginas ;
Dimensions 22 cm.
336 ## - CONTENT TYPE
Content type term texto
Source rdacontent
337 ## - MEDIA TYPE
Media type term sin mediación
Source rdamedia
338 ## - CARRIER TYPE
Carrier type term volume
Source rdacarrier
650 #0 - SUBJECT ADDED ENTRY--TOPICAL TERM
Topical term or geographic name entry element Argumentos, [Drama, novela, etc.]
650 #0 - SUBJECT ADDED ENTRY--TOPICAL TERM
Topical term or geographic name entry element Guíones cinematográficos
General subdivision Tecnología
650 #0 - SUBJECT ADDED ENTRY--TOPICAL TERM
Topical term or geographic name entry element Cine
700 1# - ADDED ENTRY--PERSONAL NAME
Personal name Villalonga Serrat, Elena
Relator term traductor
Existencias
Withdrawn status Lost status Source of classification or shelving scheme Damaged status Not for loan Collection code Home library Current library Shelving location Date acquired Source of acquisition Inventory number Total Checkouts Total Renewals Full call number Barcode Date last seen Date last checked out Price effective from Koha item type
    Dewey Decimal Classification     General Biblioteca Karol Wojtyla Biblioteca Karol Wojtyla Sala general 25/06/2014 Compra 151000000000000000057339 8 5 302.235012 TRU 2009 91902 05/01/2026 11/04/2025 04/08/2017 Libro